Príprava a diagnostika štruktúr MIS pre novú generáciu unipolárnych prvkov : Ved.odb. 26-13-9. Obh. 10.3.2006

Gespeichert in:
Bibliographische Detailangaben
1. Verfasser: Písečný, Pavol (Verfasst von)
Weitere Verfasser: Harmatha, Ladislav, 1948- (Betreuung Doktorarbeit)
Format: Manuskript Buch
Sprache:Slowakisch
Veröffentlicht: Bratislava : STU v Bratislave FEI, 2005
Schlagworte:
Tags: Tag hinzufügen
Keine Tags, Fügen Sie das erste Tag hinzu!

MARC

LEADER 00000ntm a22000003a 4500
001 stu115217
005 20160719165005.3
008 060327s2005------------------------slo-d
040 |a STU  |b slo 
041 0 |a slo 
100 1 |a Písečný, Pavol  |4 aut  |9 100 
245 1 |a Príprava a diagnostika štruktúr MIS pre novú generáciu unipolárnych prvkov :  |b Ved.odb. 26-13-9. Obh. 10.3.2006 
260 |a Bratislava :  |b STU v Bratislave FEI,  |c 2005 
300 |a 103 s 
650 7 |a elektronika  |2 stusub 
650 7 |a MIS štruktúry  |2 stusub 
650 7 |a unipolárne prvky  |2 stusub 
700 1 |a Harmatha, Ladislav,  |d 1948-  |4 ths  |u E030  |U FEI Fakulta elektrotechniky a informatiky  |T FEI Ústav elektroniky a fotoniky  |X 2055  |U E030  |Y 549  |7 A000002055 
996 |b 284ED01106  |c E*PGŠ-917  |l EE01  |s A  |a 24  |w stu115217_0001